[Event "Vitoria op 1st"]
[Site "Vitoria"]
[Date "2006.09.09"]
[Round "5"]
[White "Campos, Eugenio"]
[Black "Cardoso, Jose"]
[Result "0-1"]
[WhiteElo "2259"]
[BlackElo "1865"]
[PlyCount "44"]
[EventDate "2006.09.07"]
[EventType "swiss"]
[EventRounds "7"]
[EventCountry "BRA"]
[SourceTitle "CBM 114 Extra"]
[Source "ChessBase"]
[SourceDate "2006.11.03"]
[SourceVersion "1"]
[SourceVersionDate "2006.11.03"]
[SourceQuality "1"]

1. e4 c5 2. Nf3 e6 3. d4 cxd4 4. Nxd4 a6 5. c4 b6 6. Nc3 Bb7 7. Be3 Qc7 8. Qd2 Bb4 9. f3 Ne7 10. a3 Bxc3 11. Qxc3 0-0 12. Be2 Nbc6 13. 0-0 f5 14. exf5 Nxd4 15. Bxd4 Nxf5 16. Bf2 Bc6 17. Rad1 Rf6 18. g3 Rg6 19. f4 Qxf4 20. Bxb6 Qh4 21. Rxf5 exf5 22. Rd6 Qe4 0-1

[Event "Vitoria op 1st"]
[Site "Vitoria"]
[Date "2006.09.07"]
[Round "1"]
[White "Matsuura, Everaldo"]
[Black "Cardoso, Jose"]
[Result "1-0"]
[WhiteElo "2445"]
[BlackElo "1865"]
[PlyCount "69"]
[EventDate "2006.09.07"]
[EventType "swiss"]
[EventRounds "7"]
[EventCountry "BRA"]
[SourceTitle "CBM 114 Extra"]
[Source "ChessBase"]
[SourceDate "2006.11.03"]
[SourceVersion "1"]
[SourceVersionDate "2006.11.03"]
[SourceQuality "1"]

1. e4 c5 2. Nf3 e6 3. d4 cxd4 4. Nxd4 a6 5. Bd3 b5 6. a4 b4 7. 0-0 Bb7 8. Nd2 Qc7 9. a5 Nf6 10. Qe2 Nc6 11. N4b3 Bd6 12. g3 h5 13. Nc4 h4 14. Nxd6+ Qxd6 15. g4 Nd4 16. Nxd4 Qxd4 17. c3 bxc3 18. bxc3 Qxc3 19. Bb2 Qc6 20. Rfc1 Qd6 21. e5 Qd5 22. f3 Nxg4 23. Be4 Qb3 24. Rc3 Qb4 25. Rc4 Qb3 26. Bxb7 Qe3+ 27. Qxe3 Nxe3 28. Rc8+ Rxc8 29. Bxc8 0-0 30. Bxa6 Rb8 31. Ra2 Nd5 32. Bf1 Nb4 33. Ra4 Nc6 34. Bd4 Rb1 35. a6 1-0

[Event "Brasilia Taca BCX 7th"]
[Site "Brasilia"]
[Date "2003.10.26"]
[Round "9"]
[White "Cardoso, Jose"]
[Black "Rocha, Tarciso"]
[Result "1-0"]
[WhiteElo "1803"]
[BlackElo "2050"]
[PlyCount "87"]
[EventDate "2003.10.19"]
[EventType "tourn"]
[EventRounds "13"]
[EventCountry "BRA"]
[SourceTitle "EXT 2004"]
[Source "ChessBase"]
[SourceDate "2003.11.25"]
[SourceVersion "1"]
[SourceVersionDate "2003.11.25"]
[SourceQuality "1"]

1. c4 Nf6 2. Nf3 e6 3. d4 c5 4. g3 b6 5. Bg2 Bb7 6. 0-0 cxd4 7. Qxd4 Nc6 8. Qh4 Be7 9. Qf4 Qc8 10. Bd2 d6 11. Bc3 e5 12. Qc1 0-0 13. Nbd2 Nd8 14. b3 Qg4 15. Qb2 Rb8 16. Rfe1 e4 17. h3 Qf5 18. Nd4 Qg6 19. g4 Re8 20. Nf5 h5 21. Nxe7+ Rxe7 22. Bxf6 gxf6 23. gxh5 Qg5 24. Kh1 Re5 25. Rg1 Kh8 26. Bxe4 Qxh5 27. Rg3 Ne6 28. Bxb7 Rxb7 29. Nf3 Rf5 30. Rag1 Rb8 31. Nd4 Rxf2 32. Nf3 Qh6 33. Re1 Qf4 34. Rg4 Qf5 35. Qd2 Ng5 36. Qe3 Rxf3 37. exf3 Qxf3+ 38. Qxf3 Nxf3 39. Rd1 Rd8 40. Rf4 Ng5 41. Rxf6 Ne4 42. Rxf7 Kg8 43. Rf4 Re8 44. Rg1+ 1-0

[Event "Brasilia Taca BCX 7th"]
[Site "Brasilia"]
[Date "2003.10.24"]
[Round "7"]
[White "Cardoso, Jose"]
[Black "Coelho, Luis Henrique"]
[Result "0-1"]
[WhiteElo "1803"]
[BlackElo "2378"]
[PlyCount "74"]
[EventDate "2003.10.19"]
[EventType "tourn"]
[EventRounds "13"]
[EventCountry "BRA"]
[SourceTitle "EXT 2004"]
[Source "ChessBase"]
[SourceDate "2003.11.25"]
[SourceVersion "1"]
[SourceVersionDate "2003.11.25"]
[SourceQuality "1"]

1. c4 c5 2. Nf3 Nc6 3. g3 g6 4. Bg2 Bg7 5. 0-0 e5 6. Nc3 d6 7. a3 Nge7 8. Rb1 a5 9. d3 0-0 10. Bd2 Rb8 11. Qc1 f5 12. Bh6 Be6 13. Bxg7 Kxg7 14. Ng5 Bg8 15. Nd5 h6 16. Nxe7 Qxe7 17. Nf3 b5 18. b3 Rb6 19. Qe3 Rfb8 20. Nd2 Nd4 21. Rfc1 Qe8 22. h4 bxc4 23. dxc4 a4 24. b4 f4 25. gxf4 exf4 26. Qc3 Kh7 27. Bf1 Qxe2 28. Bg2 Qd1+ 29. Kh2 Qg4 30. Qh3 Qxh3+ 31. Bxh3 cxb4 32. axb4 Rxb4 33. Ra1 Nb3 34. Nxb3 axb3 35. Rd1 b2 36. Rab1 Bxc4 37. Bf1 Ba2 0-1

[Event "Brasilia Taca BCX 7th"]
[Site "Brasilia"]
[Date "2003.10.22"]
[Round "4"]
[White "Damasceno, Marlos de Almedia"]
[Black "Cardoso, Jose"]
[Result "1-0"]
[WhiteElo "2176"]
[BlackElo "1803"]
[PlyCount "73"]
[EventDate "2003.10.19"]
[EventType "tourn"]
[EventRounds "13"]
[EventCountry "BRA"]
[SourceTitle "EXT 2004"]
[Source "ChessBase"]
[SourceDate "2003.11.25"]
[SourceVersion "1"]
[SourceVersionDate "2003.11.25"]
[SourceQuality "1"]

1. e4 c5 2. d4 cxd4 3. c3 dxc3 4. Nxc3 Nc6 5. Nf3 g6 6. Bc4 e6 7. 0-0 a6 8. Qe2 Bg7 9. Rd1 Qc7 10. Be3 Nge7 11. Rac1 0-0 12. Bb3 b5 13. Bc5 Qf4 14. h3 Qh6 15. Nd5 Nxd5 16. exd5 Na5 17. Bxf8 Bxf8 18. dxe6 dxe6 19. Bc2 Bb7 20. Be4 Bxe4 21. Qxe4 Rd8 22. Rxd8 Qxc1+ 23. Qe1 Qc7 24. Ra8 Nc4 25. Qb4 Nd6 26. Rxa6 Qc1+ 27. Kh2 Nc8 28. Qc3 Qf4+ 29. g3 Qb8 30. Qc6 Ne7 31. Qd7 b4 32. Ra7 Qb6 33. Kg2 Qc5 34. h4 Qf5 35. Ra8 Qc5 36. Qe8 Nf5 37. Ne5 1-0

[Event "BRA CEAX op 3rd"]
[Site "Vitoria"]
[Date "2003.08.15"]
[Round "1"]
[White "Cardoso, Jose"]
[Black "Osorio Hatem, Jose Eustaquio"]
[Result "0-1"]
[WhiteElo "1800"]
[BlackElo "1968"]
[PlyCount "88"]
[EventDate "2003.08.??"]
[EventType "swiss"]
[EventRounds "6"]
[EventCountry "BRA"]
[SourceTitle "EXT 2006"]
[Source "ChessBase"]
[SourceDate "2005.11.24"]
[SourceVersion "1"]
[SourceVersionDate "2005.11.24"]
[SourceQuality "1"]

1. e4 c5 2. d3 d6 3. Be2 Nf6 4. Bd2 Nc6 5. Be3 g6 6. Nc3 Bg7 7. b3 Nd7 8. a4 Bxc3+ 9. Bd2 Bxa1 10. Qxa1 Nd4 11. Qb2 e5 12. c3 Nxe2 13. Nxe2 Nf6 14. Bg5 h6 15. Bxf6 Qxf6 16. d4 0-0 17. dxe5 Qxe5 18. Qc2 Re8 19. Qd3 Qxe4 20. Qxe4 Rxe4 21. 0-0 Rxe2 22. h3 Bf5 23. Rd1 Rd8 24. c4 Bc2 25. Rc1 Bxb3 26. Kf1 Rc2 27. Rb1 Bxc4+ 28. Kg1 b6 29. a5 b5 30. a6 b4 31. Kh2 Rxf2 32. Kg3 Rd2 33. Kf3 Re8 34. Rc1 d5 35. Ra1 Ree2 36. Kg3 Rxg2+ 37. Kf3 Rdf2+ 38. Ke3 d4+ 39. Ke4 Re2+ 40. Kf3 Bd5+ 41. Kf4 g5+ 42. Kf5 Rgf2+ 43. Kg4 Rf4+ 44. Kg3 Rg2# 0-1

[Event "SUI-ch op3"]
[Site "Luzern"]
[Date "1994.07.20"]
[Round "5"]
[White "Pfluger, Erwin"]
[Black "Cardoso, Jose"]
[Result "0-1"]
[WhiteElo "1523"]
[BlackElo "1392"]
[PlyCount "38"]
[EventDate "1994.07.16"]
[EventType "swiss"]
[EventRounds "7"]
[EventCountry "SUI"]
[SourceTitle "EXT 1999"]
[Source "ChessBase"]
[SourceDate "1998.11.16"]
[SourceVersion "1"]
[SourceVersionDate "1998.11.16"]
[SourceQuality "1"]

1. d4 d5 2. Nf3 e6 3. e3 Nf6 4. b3 c5 5. Be2 b6 6. 0-0 Be7 7. Nbd2 0-0 8. c4 Bb7 9. cxd5 Nxd5 10. Bb2 cxd4 11. Nxd4 Nd7 12. Rc1 a6 13. Bf3 Nc5 14. Qe2 Bd6 15. Nc4 Bc7 16. Nd2 Qh4 17. g3 Qh3 18. Bg2 Nf4 19. Bxh3 Nxh3# 0-1